| 000 | 01408cam a22003734 4500 | ||
|---|---|---|---|
| 001 | 198464 | ||
| 003 | SpMaBN | ||
| 005 | 20260617221606.0 | ||
| 008 | 260617s2002 sp | ||| ||spa | ||
| 016 | 7 |
_abimoBNE20020805474 _2SpMaBN |
|
| 017 |
_aB 25538-2002 _bOficina Depósito Legal Barcelona |
||
| 020 | _a8422695383 | ||
| 035 | _a(OCoLC)433407636 | ||
| 035 | _a(SpMaBN)bimo0001822213 | ||
| 040 |
_aSpMaBN _bspa _cSpMaBN _erdc |
||
| 080 | _a821.134.2-31"19" | ||
| 100 | 1 |
_aSaint-Aymour, Joaquín de _d1968- _9243227 |
|
| 245 | 1 | 0 |
_aApocalipsis _cJoaquín de Saint-Aymour |
| 260 |
_aBarcelona _bCírculo de Lectores _c[2002] |
||
| 300 |
_a477 p. _c22 cm |
||
| 336 |
_2rdacontent _atexto |
||
| 337 |
_2rdamedia _asin mediación |
||
| 338 |
_2rdacarrier _avolumen |
||
| 500 | _aRegistro provisional-DJ-33. Depósito J | ||
| 852 |
_aES-MaACL _cDEPOJ _jDJ-33 _hDonación: José Lázaro García _xEncuadernación cartoné _zEn proceso |
||
| 942 |
_2udc _cMONOGRAFIA _n0 |
||
| 956 | _a2 | ||
| 980 |
_aB 25538-2002 _a84-226-9538-3 _aSpMaBN _bBNALCALA _j12/150592 _cSG_PETANTI |
||
| 980 |
_aB 25538-2002 _a84-226-9538-3 _aSpMaBN _bBNALCALA _jAHM/690133 _cSG_PETANTI |
||
| 980 |
_aB 25538-2002 _a84-226-9538-3 _aSpMaBN _bBNALCALA _jDL/1170607 _cCONSERVACI |
||
| 999 |
_c198464 _d198464 |
||